000
00296nam a22001337a 4500
008
210602b ||||| |||| 00| 0 eng d
041
_a
eng
080
_2
2nd
_a
94
082
_a
94
100
_a
16
101
_a
SHH
245
_a
World Prehistory a new Outline
_c
Grahame Clark
942
_2
udc
_c
BK
999
_c
57907
_d
57907